Work OF THE ROYAL ENGINEERS IN THE EUROPEAN WAR, 1914-19 (Record no. 542896)
[ view plain ]
| 000 -LEADER | |
|---|---|
| fixed length control field | 00427nam a22001337a 4500 |
| 082 ## - DEWEY DECIMAL CLASSIFICATION NUMBER | |
| Classification number | 358.2 |
| Author Mark | WOR |
| -- | Donated |
| 100 ## - MAIN ENTRY--PERSONAL NAME | |
| Personal name | Chatham R.e. Institute |
| 9 (RLIN) | 38254 |
| 245 ## - TITLE STATEMENT | |
| Title | Work OF THE ROYAL ENGINEERS IN THE EUROPEAN WAR, 1914-19 |
| Remainder of title | Supply and Engineer Stores and Equipment |
| 260 ## - PUBLICATION, DISTRIBUTION, ETC. | |
| Place of publication, distribution, etc. | CHATHAM |
| Name of publisher, distributor, etc. | W & J MACKAY & CO. LIMITED |
| 300 ## - PHYSICAL DESCRIPTION | |
| Extent | 109.p: |
| 526 ## - STUDY PROGRAM INFORMATION NOTE | |
| Program name | 0 |
| Interest level | 0 |
| Reading level | 0 |
| Title point value | 358_200000000000000_WOR |
| 650 ## - SUBJECT ADDED ENTRY--TOPICAL TERM | |
| Topical term or geographic name entry element | MCE |
| 9 (RLIN) | 379 |
| 942 ## - ADDED ENTRY ELEMENTS (KOHA) | |
| Source of classification or shelving scheme | |
| Koha item type | Book |
| Withdrawn status | Lost status | Source of classification or shelving scheme | Damaged status | Not for loan | Permanent Location | Current Location | Date acquired | Total Checkouts | Full call number | Barcode | Date last seen | Price effective from | Koha item type |
|---|---|---|---|---|---|---|---|---|---|---|---|---|---|
| Military College of Engineering (MCE) | Military College of Engineering (MCE) | 02/24/2014 | 358.2 WOR | MCE-34743 | 02/24/2014 | 02/24/2014 | Book |
